Toby /

Guardado en:
Autor Principal: Cabal, Graciela.
Otros Autores: Pez, Alberto; il.
Formato: Libro
Publicado: Bogota : Norma, 1997.
Series:Torre de Papel. Azul +9 años
Materias:
Etiquetas: Agregar Etiqueta
Sin Etiquetas, Sea el primero en etiquetar este registro!
LEADER 00840nam a22002535a 4500
001 CEM.cems019937
008 230327s1997##################000#0#####d
005 20230327133453.0
245 1 0 |a Toby /  |c Graciela Cabal; ilustrado por Alberto Pez. 
260 |a Bogota :  |b Norma,  |c 1997. 
300 |a 58 p. 
490 0 |a Torre de Papel. Azul +9 años 
020 |a 958044223 
100 1 |a Cabal, Graciela. 
700 1 |a Pez, Alberto; il. 
082 0 4 |a A863.4 
653 |a Literatura 
653 |a Literatura Argentina 
653 |a Novelas 
653 |a Novelas infantiles 
653 |a Literatura Infantil 
859 |a CEMS  |b BIB. CEMS - Inicial y Primaria  |h A863.4  |i C111-5  |k IP  |p 2135  |t Ej.1 
859 |a CEMS  |b BIB. CEMS - Inicial y Primaria  |h A863.4  |i C111-5  |k IP  |p 2136  |t Ej.2 
859 |a CEMS  |b BIB. CEMS - Inicial y Primaria  |h A863.4  |i C111-5  |k IP  |p 6325  |t Ej.3